[Event "Open A"]
[Site "Polanica Zdroj POL"]
[Date "2007.08.19"]
[Round "3"]
[White "Szumilas,Pa"]
[Black "Panas,P"]
[Result "1/2-1/2"]
[WhiteElo "2127"]
[BlackElo "2226"]

1.e4 c5 2.Nf3 e6 3.d4 cxd4 4.Nxd4 a6 5.Nc3 b5 6.Bd3 Qb6 7.Nb3 Qc7 8.O-O Nf6
9.f4 d6 10.Qe2 Nbd7 11.Bd2 Bb7 12.Rae1 b4 13.Nd1 Be7 14.e5 Nd5 15.c4 bxc3
16.Nxc3 g6 17.Rc1 Qb6+ 18.Kh1 Rb8 19.exd6 Bxd6 20.f5 gxf5 21.Bxf5 Ne5 22.Be4 Nxc3
23.Bxc3 Rg8 24.Rcd1 Ng4 25.Ba5 Qe3 26.Qxe3 Nxe3 27.Bxb7 Rxb7 28.Rxd6 Ke7
29.Re1 Kxd6 30.Rxe3 Rg5 31.Rd3+ Rd5 32.Rxd5+ Kxd5 33.Kg1 e5 34.Kf2 f6 35.Bc3 Rc7
36.Nd2 Rg7 37.Nf3 Ke4 38.Nd2+ Kd3 39.Nb3 Rc7 40.Nc1+ Kc2 41.Ne2 Kd3 42.g4 Rc5
43.h3 Rc4 44.Kf3 a5 45.Nc1+ Kc2 46.Ne2 Kd3 47.Ng3 a4 48.a3 Rf4+ 49.Kg2 Rc4
50.Nh5 Rc6 51.Kf2 Rc4 52.Ng3 Rf4+ 53.Kg2 Rc4 54.g5 fxg5 55.Bxe5 g4 56.hxg4 Rxg4
57.Kf3 Rc4 58.Bc3 Rxc3 59.bxc3 Kxc3 60.Ke3 Kb3 61.Kd3 Kxa3 62.Kc3 Ka2 63.Kc2 h6
64.Nh5 Ka3  1/2-1/2

[Event "Lady and Chess"]
[Site "Panevezys LTU"]
[Date "2007.08.20"]
[Round "1"]
[White "Sarakauskiene,Z"]
[Black "Warakomska,A"]
[Result "0-1"]
[WhiteElo "2176"]
[BlackElo "2135"]

1.e4 c5 2.Nf3 e6 3.d4 cxd4 4.Nxd4 a6 5.Nc3 Qc7 6.Bd3 Nf6 7.O-O Bc5 8.Nb3 Be7
9.f4 d6 10.Qe2 Nbd7 11.Bd2 O-O 12.Rae1 e5 13.f5 b5 14.Qf3 Bb7 15.Qh3 b4 16.Nd1 d5
17.exd5 Nxd5 18.Nf2 N5f6 19.Bg5 Rfe8 20.Nd2 Bc5 21.Kh1 Bd4 22.Nfe4 Nxe4 23.Nxe4 f6
24.Bc1 Bd5 25.Qg3 Kh8 26.Qh4 Nc5 27.Rf3 Nxd3 28.cxd3 Rac8 29.Rh3 Bg8 30.Bd2 a5
31.Rg3 Qe7 32.a3 Bxb2 33.axb4 axb4 34.Rh3 b3 35.Rf1 Rc2 36.g4 Qb7 37.Be3 Bd4
38.g5 Bxe3 39.Rxe3 fxg5 40.Qxg5 b2 41.Ree1 Bd5 42.f6 gxf6 43.Qxf6+ Qg7 44.Qf3 Qh6
45.Re2 Rxe2 46.Qxe2 Qc1 47.Qe1 Qxe1 48.Rxe1 Rc8  0-1

[Event "1st Serbian League Men"]
[Site "Zlatibor SRB"]
[Date "2007.08.20"]
[Round "9"]
[White "Popovic,Du"]
[Black "Paunovic,D"]
[Result "1/2-1/2"]
[WhiteElo "2551"]
[BlackElo "2531"]

1.e4 c5 2.Nf3 e6 3.d4 cxd4 4.Nxd4 a6 5.Nc3 Qc7 6.Bd3 d6 7.Qe2 Nf6 8.f4 Be7
9.Bd2 Nc6 10.Nxc6 bxc6 11.O-O e5 12.Kh1 O-O 13.fxe5 dxe5 14.Nd1 Ne8 15.Ne3 Nd6
16.a4 a5 17.Bc3 f6 18.Nf5 Be6 19.Qg4 Nxf5 20.exf5 Bd5 21.Rae1 Rab8 22.Re3 Bb4
23.Rg3 Bxc3 24.bxc3 c5 25.Bc4 Rfd8 26.Rd3 Bf7 27.Rfd1 Rxd3 28.cxd3 h6 29.h3 Kh7
30.Be6 Rb6 31.d4 exd4 32.cxd4 Rb4 33.Bxf7 Qxf7 34.Qg6+ Qxg6 35.fxg6+ Kxg6
36.dxc5 Rc4 37.Rd5 Rxa4 38.c6 Rc4 39.Rxa5 Rxc6 40.Kh2  1/2-1/2

[Event "Independence Cup A"]
[Site "Kyiv UKR"]
[Date "2007.08.21"]
[Round "9"]
[White "Nazarian,A"]
[Black "Chernozem,S"]
[Result "1-0"]
[WhiteElo "1975"]
[BlackElo "2098"]

1.e4 c5 2.Nf3 e6 3.Nc3 a6 4.d4 cxd4 5.Nxd4 Qc7 6.g3 b5 7.Bg2 Bb7 8.O-O d6
9.Re1 Ne7 10.Ncxb5 axb5 11.Nxb5 Qd7 12.Nxd6+ Kd8 13.Nxb7+ Kc7 14.Nc5 Qxd1
15.Rxd1 Nec6 16.Be3 e5 17.c3 Na5 18.Bf1 Bd6 19.b4 Bxc5 20.Bxc5 Nb7 21.Be3 Ra3
22.c4 Na6 23.b5 Nb4 24.Rd2 Rha8 25.c5 Na5 26.b6+ Kc8 27.Bh3+ Kb7 28.Rd7+ Kc6
29.Rc7+ Kb5 30.Bd7+ Ka6 31.Rb1  1-0

[Event "Independence Cup A"]
[Site "Kyiv UKR"]
[Date "2007.08.21"]
[Round "9"]
[White "Goncharov,O"]
[Black "Grinev,V"]
[Result "0-1"]
[WhiteElo "2246"]
[BlackElo "2242"]

1.e4 c5 2.Nf3 e6 3.d4 cxd4 4.Nxd4 a6 5.Nc3 Qc7 6.Be3 Nf6 7.Bd3 b5 8.O-O Bb7
9.a3 Nc6 10.Kh1 Be7 11.f4 d6 12.Qf3 Nd7 13.Nce2 Bf6 14.Nxc6 Bxc6 15.Bd4 Qb7
16.Rae1 O-O 17.Bxf6 Nxf6 18.Nd4 Rfe8 19.Nxc6 Qxc6 20.Qg3 e5 21.fxe5 dxe5
22.Rf5 Nd7 23.c3 Rad8 24.Bc2 Qe6 25.Rd1 Nf8 26.Rff1 Qa2 27.Qf3 f6 28.Rd3 Qxb2
29.Qd1 Ne6 30.Bb3 Rxd3 31.Bxe6+ Rxe6 32.Qxd3 Qxa3 33.Rd1 Qe7 34.Qd5 Qe8 35.Qb7 Re7
36.Qxa6 h6 37.Rd5 Rc7 38.Qa5 Qc6 39.Rxb5 Qxc3 40.Qa8+ Kh7 41.h3 Qc1+ 42.Kh2 Qf4+  0-1

[Event "1st Serbian League Men"]
[Site "Zlatibor SRB"]
[Date "2007.08.21"]
[Round "1"]
[White "Iordachescu,V"]
[Black "Pikula,D"]
[Result "1/2-1/2"]
[WhiteElo "2584"]
[BlackElo "2504"]

1.e4 c5 2.Nf3 e6 3.Nc3 a6 4.d4 cxd4 5.Nxd4 Qc7 6.Bd3 Nf6 7.f4 d6 8.Qe2 g6
9.f5 Bg7 10.fxe6 fxe6 11.Bc4 Nc6 12.Be3 Qe7 13.O-O-O Ne5 14.Nf3 Nfg4 15.Bg5 Qc7
16.Bb3 O-O 17.Rhf1 Nxf3 18.gxf3 Ne5 19.h4 Nf7 20.Bd2 Qe7 21.f4 Bh6 22.f5 Bxd2+
23.Qxd2 exf5 24.Nd5 Qe5 25.h5 fxe4 26.hxg6 hxg6 27.Rf6 Kg7 28.Rdf1 Bg4 29.Ne3 Nh6
30.Nxg4 Nxg4 31.Rf7+ Rxf7 32.Rxf7+ Kh8 33.c3 e3 34.Qe2 Qg5 35.Kb1 Nh6  1/2-1/2

[Event "Acropolis Open"]
[Site "Athens GRE"]
[Date "2007.08.22"]
[Round "9"]
[White "Zawadzka,J"]
[Black "Parligras,M"]
[Result "0-1"]
[WhiteElo "2354"]
[BlackElo "2542"]

1.e4 c5 2.Nf3 e6 3.d4 cxd4 4.Nxd4 a6 5.Nc3 d6 6.Be3 Nf6 7.f3 b5 8.Qd2 Bb7
9.g4 Nfd7 10.O-O-O Nb6 11.Bd3 N8d7 12.g5 Ne5 13.f4 Nec4 14.Bxc4 Nxc4 15.Qd3 Rc8
16.Kb1 Qc7 17.Bc1 Na3+ 18.bxa3 Qxc3 19.Bb2 Qxd3 20.cxd3 Be7 21.h4 Kd7 22.Ne2 f6
23.Ng3 Rhg8 24.Nh5 e5 25.Rhe1 Ke6 26.Rc1 fxg5 27.Rxc8 Bxc8 28.hxg5 g6 29.Nf6 Bxf6
30.gxf6 exf4 31.Rf1 g5 32.Rh1 Rh8 33.f7 Rf8 34.Rxh7 Rxf7 35.Rxf7 Kxf7 36.Kc2 Kg6
37.Kd2 g4 38.Ke2 Kg5 39.Kf2 g3+ 40.Kf3 Bg4+ 41.Kg2 Be2 42.e5 Kg4 43.Bd4 f3+
44.Kg1 dxe5  0-1

[Event "TCh-ESP CECLUB Sur Div 1"]
[Site "Burguillos ESP"]
[Date "2007.08.22"]
[Round "1"]
[White "Fernandez Montoro,J"]
[Black "Cruz Veloz,M"]
[Result "1/2-1/2"]
[WhiteElo "2190"]
[BlackElo "1838"]

1.e4 c5 2.Nf3 e6 3.d4 cxd4 4.Nxd4 a6 5.Nc3 Qc7 6.g3 b5 7.Bg2 Bb7 8.O-O Nc6
9.Re1 Nxd4 10.Qxd4 b4 11.Nd5 Bxd5 12.exd5 Rc8 13.dxe6 fxe6 14.Bg5 Qc5 15.Qg4 h5
16.Be4 Qxf2+ 17.Kxf2 Bc5+ 18.Kg2 hxg4 19.Bg6+ Kf8 20.Rad1 Nf6 21.Bxf6 gxf6
22.Rxd7 Rc6 23.Red1 Be7 24.Be4 Rc5 25.Ra7 Rch5 26.Rdd7 Rxh2+ 27.Kf1 f5 28.Rxe7 fxe4
29.Reb7 Rh1+ 30.Ke2 R8h2+ 31.Ke3 Re1+ 32.Kf4 Rf1+ 33.Kxg4 Kg8 34.Rb8+ Rf8
35.Rxb4 e3 36.Re4 Rxc2 37.Rxe3 Rxb2 38.Rxa6 Rb4+ 39.Kh3 Kg7 40.Raxe6 Ra4
41.Re7+ Kf6 42.R7e6+ Kg7 43.Re7+ Kf6 44.R3e6+ Kf5 45.Re2 Rh8+ 46.Kg2 Rha8
47.Rf2+ Kg6 48.Ree2 Ra3 49.Kh3 R8a4 50.Rb2 Ra5 51.Rfc2 Rh5+ 52.Kg2 Rha5 53.Rd2 Kg5
54.Kh3 R3a4 55.Rf2 Ra3 56.Rf4 Rxa2 57.Rb8 R2a4 58.Rg8+ Kh6 59.Kg4 Ra6 60.Rg5 R6a5
61.Rf5 Kg6 62.Rf6+ Kg7 63.Rb6 Rxf4+ 64.gxf4 Kf7 65.Rc6 Rb5 66.Rh6 Ra5 67.Rh7+ Kf6
68.Rc7 Rb5 69.Rc6+ Kf7 70.f5 Rb1  1/2-1/2

[Event "Dato Arthur Tan Malaysian Op"]
[Site "Kuala Lumpur MAS"]
[Date "2007.08.22"]
[Round "5"]
[White "Hasan,Me"]
[Black "Tan Khai Boon"]
[Result "1-0"]
[WhiteElo "2280"]
[BlackElo "2138"]

1.e4 c5 2.Nf3 e6 3.d4 cxd4 4.Nxd4 a6 5.Nc3 Qc7 6.Bd3 Nf6 7.Bg5 Be7 8.f4 d6
9.Qf3 Nbd7 10.O-O-O b5 11.Rhe1 b4 12.Nd5 exd5 13.Nf5 Nc5 14.Nxe7 dxe4 15.Bxe4 Ncxe4
16.Bxf6 gxf6 17.Qxe4 Bb7 18.Qf5  1-0

[Event "Dato Arthur Tan Malaysian Op"]
[Site "Kuala Lumpur MAS"]
[Date "2007.08.22"]
[Round "5"]
[White "Zhang Jilin"]
[Black "Girinath,P"]
[Result "0-1"]
[WhiteElo "2338"]
[BlackElo "2440"]

1.e4 c5 2.Nf3 e6 3.d4 cxd4 4.Nxd4 a6 5.Nc3 b5 6.Bd3 Bb7 7.O-O Qc7 8.Qe2 Nf6
9.Bg5 b4 10.e5 Nc6 11.exf6 Nxd4 12.Qg4 bxc3 13.Qxd4 Qc6 14.Qg4 h5 15.Qh3 Qd5
16.Be3 gxf6 17.Rfd1 cxb2 18.Rab1 Rg8 19.Bf1 Qf3 20.Qxf3 Bxf3 21.Rd3 Be4 22.Rd4 f5
23.Rc4 Bg7 24.f3 Bc6 25.c3 Rb8 26.Kf2 Bd5 27.Ra4 Bxc3 28.Bxa6 Ke7 29.Bc4 Bc6
30.Ra3 Be5 31.Bc5+ d6 32.Ra7+ Kf6 33.Ra6 dxc5 34.Rxc6 Rb4 35.Bb3 Bd4+ 36.Kf1 Ra8  0-1

[Event "Lady and Chess"]
[Site "Panevezys LTU"]
[Date "2007.08.22"]
[Round "3"]
[White "Narva,R"]
[Black "Warakomska,A"]
[Result "0-1"]
[WhiteElo "2094"]
[BlackElo "2135"]

1.e4 c5 2.Nf3 e6 3.Nc3 a6 4.d4 cxd4 5.Nxd4 Qc7 6.g3 d6 7.Bg2 Bd7 8.O-O Nc6
9.Nde2 Nf6 10.h3 Be7 11.g4 h6 12.Ng3 O-O 13.f4 Rac8 14.g5 hxg5 15.fxg5 Nh7
16.h4 Ne5 17.Kh1 b5 18.a3 a5 19.Rf2 f6 20.g6 Nxg6 21.Nf5 exf5 22.exf5 Ne5
23.Nd5 Qd8 24.Nf4 Bxf5 25.Bd5+ Kh8 26.Be6 Be4+ 27.Kg1 d5 28.Be3 Bc5 29.Bxc5 Rxc5
30.h5 Qb6 31.c3 Ng5 32.Bg4 Rc4 33.Kf1 Qe3 34.Qe2 Qg3 35.Ne6 Bd3  0-1

[Event "1st Serbian League Women"]
[Site "Zlatibor SRB"]
[Date "2007.08.22"]
[Round "2"]
[White "Velcheva,M"]
[Black "Vasilevich,T"]
[Result "0-1"]
[WhiteElo "2294"]
[BlackElo "2377"]

1.e4 c5 2.Nf3 e6 3.d4 cxd4 4.Nxd4 a6 5.Nc3 Qc7 6.Bd3 Bc5 7.Nb3 Be7 8.O-O Nf6
9.f4 d6 10.Qe2 Nbd7 11.a4 b6 12.Bd2 Bb7 13.Rae1 O-O 14.e5 Nd5 15.Nxd5 Bxd5
16.Bc3 g6 17.Qg4 Rfd8 18.exd6 Qxd6 19.f5 exf5 20.Bxf5 h5 21.Qe2 Bf6 22.Bxf6 Nxf6
23.Bh3 Re8 24.Qd3 Rxe1 25.Rxe1 Qc6 26.Qd4 Qxc2 27.Qxf6 Qxb3 28.Qd4 Bc6 29.Qf6 Re8
30.Rxe8+ Bxe8 31.Qd8 Qe3+ 32.Kf1 Kg7 33.Qd1 Qf4+ 34.Kg1 Bxa4 35.Qa1 Qd4+
36.Kh1 a5 37.g3 Qd1+  0-1

[Event "27th Open"]
[Site "Bratto ITA"]
[Date "2007.08.23"]
[Round "1"]
[White "Pepino,E"]
[Black "Horvath,Cs1"]
[Result "0-1"]
[WhiteElo "2153"]
[BlackElo "2558"]

1.e4 c5 2.Nf3 e6 3.d4 cxd4 4.Nxd4 a6 5.Nc3 Qc7 6.Bd3 Nf6 7.O-O Bc5 8.Nb3 Be7
9.Qe2 d6 10.Bf4 Nbd7 11.Rad1 O-O 12.Bg3 b5 13.f4 b4 14.e5 bxc3 15.exf6 Nxf6
16.bxc3 Qxc3 17.Qf3 Nd5 18.f5 Bd7 19.Kh1 Bb5 20.Be1 Qc7 21.c4 Bxc4 22.Rc1 Nb6
23.f6 Bxf6 24.Qg4 Bxd3 25.Rxc7 Bxf1 26.h4 Nd5 27.Kg1 Nxc7 28.Kxf1 Nd5 29.Kg1 Rfc8
30.Qf3 Nb6 31.Kh1 Rf8 32.Ba5 Nd5 33.Be1 Nb6 34.Qh5 Rac8 35.Bc3 g6 36.Qd1  0-1

[Event "16th VR Bank Open"]
[Site "Apolda GER"]
[Date "2007.08.24"]
[Round "2"]
[White "Hannes,D"]
[Black "Heimann,An"]
[Result "0-1"]
[WhiteElo "2036"]
[BlackElo "2265"]

1.e4 c5 2.Nf3 e6 3.d4 cxd4 4.Nxd4 a6 5.Nc3 Qc7 6.Bd3 Nc6 7.Nb3 Nf6 8.f4 d6
9.a4 b6 10.O-O Bb7 11.Qe1 Be7 12.Qg3 g6 13.Bd2 Nb4 14.Rae1 d5 15.exd5 Nfxd5
16.Nxd5 Nxd5 17.Be4 O-O 18.Kh1 Bf6 19.c3 Rfd8 20.Na1 Ne7 21.Bxb7 Qxb7 22.Qf2 Nf5
23.Rd1 Qc6 24.b3 b5 25.a5 Bxc3 26.Nc2 Bxd2 27.Rxd2 Qc3 28.Rfd1 Rxd2 29.Qxd2 Qxb3
30.Nd4 Nxd4 31.Qxd4 Qa4  0-1

[Event "1st Serbian League Women"]
[Site "Zlatibor SRB"]
[Date "2007.08.24"]
[Round "4"]
[White "Sudakova,I"]
[Black "Bojkovic,N"]
[Result "1/2-1/2"]
[WhiteElo "2358"]
[BlackElo "2423"]

1.e4 c5 2.Nf3 e6 3.d4 cxd4 4.Nxd4 a6 5.Nc3 Qc7 6.Be2 b5 7.O-O Bb7 8.Re1 Nc6
9.Bf1 Nf6 10.Nxc6 Qxc6 11.e5 b4 12.Ne2 Nd5 13.a3 Qb6 14.c4 bxc3 15.Nxc3 f5
16.Nxd5 Bxd5 17.b4 Be7 18.Bg5 Qd8 19.Bxe7 Qxe7 20.Qh5+ Qf7 21.Qxf7+ Kxf7
22.Rec1 Rhb8 23.Rc5 Ke7 24.Rac1 Bc6 25.g3 Rb6 26.Rd1 Bf3 27.Bg2 Bxd1 28.Bxa8 Ba4
29.Bg2 Kd8 30.Bf1 Bb5 31.f4 Bxf1 32.Kxf1 Rb5 33.Rc3 a5 34.bxa5 Rxa5 35.Ke2 g5
36.Kf3 g4+ 37.Kg2 Rb5 38.Rc2 Ra5 39.Ra2 d6 40.exd6 Kd7 41.h3 gxh3+ 42.Kxh3 Kxd6
43.Rd2+ Ke7 44.Rd3 e5 45.fxe5 Rxe5 46.a4 Ra5 47.Rd4 Kf6 48.Kg2 Ke5 49.Rb4 Ra8
50.Kf3 Rc8 51.Rb5+ Kf6 52.Rb3 Ra8 53.Ra3 Ra5 54.Kf4 Kg6 55.Ke3 Kg5 56.Kf3  1/2-1/2

[Event "LNA Copa Puma"]
[Site "Argentina ARG"]
[Date "2007.08.25"]
[Round "3"]
[White "Carraro,De"]
[Black "Lopez,Ri"]
[Result "1-0"]
[WhiteElo "2048"]
[BlackElo "2205"]

1.e4 c5 2.Nf3 e6 3.d4 cxd4 4.Nxd4 a6 5.Nc3 Qc7 6.Bd3 Nf6 7.Qe2 d6 8.f4 Nbd7
9.Be3 b5 10.g4 b4 11.Nd1 Bb7 12.Nf2 Nc5 13.Bd2 d5 14.e5 Nfe4 15.Bxe4 Nxe4
16.Be3 Be7 17.O-O O-O 18.Nd3 Rfe8 19.Rf3 a5 20.f5 Bf8 21.Rh3 Ba6 22.Qe1 h6
23.g5  1-0

[Event "15th Open"]
[Site "Nikea GRE"]
[Date "2007.08.26"]
[Round "5"]
[White "Xylogiannopoulos,A"]
[Black "Malakhatko,V"]
[Result "0-1"]
[WhiteElo "1930"]
[BlackElo "2596"]

1.e4 c5 2.Nf3 e6 3.d4 cxd4 4.Nxd4 a6 5.Nc3 b5 6.Bd3 Qb6 7.Nf3 Nc6 8.O-O Qb8
9.e5 Bb7 10.Re1 Nge7 11.Be4 Ng6 12.h4 d6 13.exd6 Bxd6 14.Nd5 Nce5 15.Bxg6 Nxf3+
16.Qxf3 hxg6 17.Qb3 Rxh4 18.g3 Rh5 19.c4 bxc4 20.Qa4+ Kf8  0-1

[Event "1st Serbian League Men"]
[Site "Zlatibor SRB"]
[Date "2007.08.26"]
[Round "6"]
[White "Sedlak,N"]
[Black "Damljanovic,B"]
[Result "1/2-1/2"]
[WhiteElo "2590"]
[BlackElo "2606"]

1.e4 c5 2.Nf3 e6 3.d4 cxd4 4.Nxd4 a6 5.Nc3 b5 6.Bd3 Qb6 7.Nb3 Qc7 8.Qe2 Bb7
9.O-O Nf6 10.Bg5 Nc6 11.f4 Nb4 12.Kh1 Rc8 13.e5 Nxd3 14.cxd3 b4 15.Nd1 Nd5
16.f5 h6 17.Rc1 Qb8 18.Rxc8+ Qxc8 19.Bh4 exf5 20.Rxf5 g6 21.Rf1 Bg7 22.Ne3 Nxe3
23.Qxe3 O-O 24.Nc5 Bd5 25.Rc1 g5 26.Bg3 Qc6 27.Ne4 Qe6 28.Rf1 Bxe4 29.Qxe4 a5
30.b3 Rc8 31.h3 Qc6 32.Qg4 Qd5 33.d4 Rc2 34.Rf2 Rxf2 35.Bxf2 f6 36.exf6 Bxf6
37.h4 Kg7 38.hxg5 hxg5 39.Qe2 Kf7 40.Qh5+ Kg7 41.Qe2 Qf5 42.Kg1 g4 43.g3 d5
44.Qe8 Bg5 45.Qb5 Qb1+ 46.Kg2 Qe4+ 47.Kg1 Qb1+ 48.Kg2 Qe4+ 49.Kg1 Bf6 50.Qd7+ Kg6
51.Qd6 Kg5 52.Qc5 Kg6 53.Qd6 Qb1+ 54.Kg2 Qe4+ 55.Kg1 Qb1+ 56.Kg2 Qe4+ 57.Kg1 Qb1+
58.Kg2  1/2-1/2

[Event "27th Open"]
[Site "Bratto ITA"]
[Date "2007.08.29"]
[Round "7"]
[White "Aagaard,J"]
[Black "Horvath,Cs1"]
[Result "1/2-1/2"]
[WhiteElo "2467"]
[BlackElo "2558"]

1.e4 c5 2.Nf3 e6 3.d4 cxd4 4.Nxd4 a6 5.Nc3 b5 6.Bd3 Bb7 7.O-O Nc6 8.Nxc6 Bxc6
9.Qe2 Bc5 10.Kh1 Qh4 11.a4 b4 12.Nd5 Bxd5 13.exd5 Nf6 14.dxe6 fxe6 15.f4 O-O
16.Bd2 a5 17.Rae1 Rac8 18.g3 Qh3 19.Qg2 Qxg2+ 20.Kxg2 Bd4  1/2-1/2

[Event "1st Serbian League Women"]
[Site "Zlatibor SRB"]
[Date "2007.08.29"]
[Round "9"]
[White "Miladinovic,L"]
[Black "Bojkovic,N"]
[Result "0-1"]
[WhiteElo "1815"]
[BlackElo "2423"]

1.e4 c5 2.Nf3 e6 3.d4 cxd4 4.Nxd4 a6 5.Nc3 Qc7 6.Be2 Nf6 7.O-O Be7 8.Be3 d6
9.Kh1 b5 10.a3 Bb7 11.f3 O-O 12.Bd3 d5 13.exd5 Nxd5 14.Nxd5 Bxd5 15.Be4 Rd8
16.Bxd5 Rxd5 17.Qe2 Bf6 18.c3 Nd7 19.Nc2 Nb6 20.Bxb6 Qxb6 21.Rad1 Rad8 22.Rxd5 Rxd5
23.Rd1 Re5 24.Qd2 h6 25.Nd4 Rd5 26.Qe2 Qd6 27.Rc1 Bxd4 28.cxd4 Rxd4 29.Qc2 Rd2
30.Qb1 g6 31.h3 Qd4 32.b4 Rb2 33.Rc8+ Kh7 34.Qf1 Ra2 35.Rc7 Ra1 36.Rc1 Rxa3
37.Rb1 Ra2 38.Kh2 Qf4+ 39.Kh1 Qd2 40.Ra1 Rc2 41.Kh2 Qxb4 42.Rxa6 Qf4+  0-1

[Event "ch-ISL"]
[Site "Reykjavik ISL"]
[Date "2007.08.31"]
[Round "4"]
[White "Gunnarsson,J"]
[Black "Ptacnikova,L"]
[Result "1-0"]
[WhiteElo "2427"]
[BlackElo "2239"]

1.e4 c5 2.Nf3 e6 3.d4 cxd4 4.Nxd4 a6 5.Nc3 Qc7 6.Bd3 Nf6 7.f4 b5 8.a3 Bb7
9.Qf3 Nc6 10.Nb3 b4 11.Ne2 bxa3 12.bxa3 d5 13.e5 Ne4 14.O-O Be7 15.Be3 O-O
16.Ng3 Nxg3 17.Qxg3 g6 18.h4 a5 19.h5 Kg7 20.f5 exf5 21.Rxf5 Kh8 22.Bh6 a4
23.Nd2 Bc5+ 24.Kh1 Bd4 25.hxg6 fxg6 26.Rxf8+ Rxf8 27.Bxf8 Bxe5 28.Qe1 Qc8
29.Nf3 Bxa1 30.Qxa1+ d4 31.Nxd4 Ne5 32.Nc6 Qxf8 33.Qxe5+  1-0

[Event "ch-Africa Men"]
[Site "Windhoek NAM"]
[Date "2007.09.01"]
[Round "1"]
[White "Van den Heever,D"]
[Black "Gwaze,R"]
[Result "0-1"]
[WhiteElo "2151"]
[BlackElo "2413"]

1.e4 c5 2.Nf3 e6 3.d4 cxd4 4.Nxd4 a6 5.Nc3 Qc7 6.g3 b5 7.Bg2 Bb7 8.O-O d6
9.a4 bxa4 10.Rxa4 Nd7 11.f4 Ngf6 12.Re1 Nb6 13.Ra2 Rd8 14.f5 e5 15.Nd5 Nfxd5
16.exd5 Nxd5 17.f6 Nxf6 18.Bxb7 Qxb7 19.Nf5 h6 20.Qd3 g6 21.Nh4 Ra8 22.c4 Be7
23.b3 Nd7 24.Nxg6 Nc5 25.Qf5 fxg6 26.Qxg6+ Kd7 27.b4 Qxb4 28.Qg4+ Ne6 29.Bd2 Qb3
30.Raa1 h5 31.Qe4 Qb6+ 32.Be3 Qc6 33.Qf5 h4 34.Bf2 Raf8 35.Qd3 Ng5  0-1

[Event "26th OCF NAO Fide Open"]
[Site "Stillwater USA"]
[Date "2007.09.02"]
[Round "7"]
[White "Brownscombe,T"]
[Black "Coleman,M"]
[Result "1-0"]
[WhiteElo "2199"]
[BlackElo "2201"]

1.e4 c5 2.Nf3 e6 3.d4 cxd4 4.Nxd4 a6 5.Nc3 Qc7 6.Be3 Nf6 7.a3 b5 8.Bd3 Bb7
9.O-O d6 10.f4 Nbd7 11.Qf3 Rc8 12.Rae1 Be7 13.Kh1 O-O 14.Qg3 Nc5 15.Bc1 Nfd7
16.Nf3 Nb6 17.f5 Kh8 18.Bf4 e5 19.Nxe5 Bh4 20.Nxf7+  1-0

[Event "129th ch-New York State"]
[Site "New York USA"]
[Date "2007.09.03"]
[Round "5"]
[White "Davey,Mat"]
[Black "Ye,L"]
[Result "0-1"]
[WhiteElo "2157"]
[BlackElo "2141"]

1.e4 c5 2.Nf3 e6 3.Nc3 a6 4.d4 cxd4 5.Nxd4 d6 6.a4 Nc6 7.Be3 Nf6 8.Be2 Be7
9.O-O O-O 10.Kh1 Qc7 11.f4 Re8 12.Nf3 b6 13.Qe1 Bb7 14.Rc1 Rad8 15.Qg3 Nb4
16.Bd3 Nd7 17.f5 exf5 18.Bh6 Bf6 19.Nh4 Ne5 20.Nxf5 Ng6 21.Bg5 Bxg5 22.Qxg5 d5
23.exd5 Bxd5 24.Nxd5 Rxd5 25.h4 f6 26.Qg4 Nxd3 27.cxd3 Qd7 28.d4 Nf8 29.Rc3 g6
30.Rg3 Kh8 31.Ne3 Rxd4 32.Qxd7 Nxd7 33.Kg1 Rxh4 34.Rd1 Rhe4 35.Kf2 Ne5 36.Nd5 Rxa4
37.Nxb6 Rb4 38.Nd5 Rxb2+ 39.Kg1 Rd8 40.Ne3 Rxd1+ 41.Nxd1 Rb1 42.Ra3 Rxd1+
43.Kf2 Rd2+ 44.Kf1 Rd6  0-1

[Event "60th ch-RUS Higher League"]
[Site "Krasnoyarsk RUS"]
[Date "2007.09.04"]
[Round "2"]
[White "Savchenko,B"]
[Black "Kostin,Alexe"]
[Result "1-0"]
[WhiteElo "2577"]
[BlackElo "2434"]

1.e4 c5 2.Nf3 e6 3.d4 cxd4 4.Nxd4 a6 5.Nc3 Qc7 6.Bd3 Nc6 7.Be3 Nf6 8.O-O Bd6
9.h3 Bf4 10.Qc1 Bxe3 11.Qxe3 Ne5 12.f4 Nxd3 13.e5 Nxb2 14.exf6 g6 15.Rae1 Nc4
16.Qf2 Qa5 17.Ne4 d5 18.Ng5 Qb6 19.c3 Bd7 20.Kh1 h6 21.Qh4 Kf8 22.f5 gxf5
23.Qh5 Nd6 24.Nxf5 exf5 25.Re7 Be8 26.Qg6  1-0

[Event "12th ch-Asia w"]
[Site "Tehran IRI"]
[Date "2007.09.04"]
[Round "2"]
[White "Ruan Lufei"]
[Black "Amrutha,M"]
[Result "1-0"]
[WhiteElo "2433"]
[BlackElo "2166"]

1.e4 c5 2.Nf3 e6 3.d4 cxd4 4.Nxd4 a6 5.Nc3 Qc7 6.Be2 Nf6 7.O-O Nc6 8.Be3 d6
9.a4 Bd7 10.Nb3 b6 11.f4 Be7 12.Bf3 O-O 13.g4 Bc8 14.g5 Nd7 15.Bg2 Rb8 16.Kh1 Re8
17.Qh5 Nb4 18.Rac1 Bb7 19.Nd4 g6 20.Qh4 e5 21.Nde2 exf4 22.Nxf4 Bf8 23.Bd4 Qc6
24.Qf2 Qc7 25.Nfd5 Bxd5 26.Nxd5  1-0

[Event "FSGM September"]
[Site "Budapest HUN"]
[Date "2007.09.07"]
[Round "7"]
[White "Mihok,O"]
[Black "Fogarasi,T"]
[Result "1/2-1/2"]
[WhiteElo "2402"]
[BlackElo "2425"]

1.e4 c5 2.Nf3 e6 3.d4 cxd4 4.Nxd4 a6 5.Nc3 Qc7 6.Bd3 Nf6 7.O-O Bc5 8.Nb3 Be7
9.f4 d6 10.a4 Nc6 11.Qf3 b6 12.e5 Nd7 13.Qg3 g6 14.exd6 Bxd6 15.Ne4 Be7 16.Bd2 Bb7
17.Bc3 Rg8 18.Qh3 h5 19.Rae1  1/2-1/2

[Event "4th LGA Premium Cup"]
[Site "Nuernberg GER"]
[Date "2007.09.07"]
[Round "3"]
[White "Haba,P"]
[Black "Vogiatzis,J"]
[Result "1-0"]
[WhiteElo "2526"]
[BlackElo "2022"]

1.e4 c5 2.Nf3 e6 3.d4 cxd4 4.Nxd4 a6 5.Nc3 b5 6.Bd3 Bb7 7.O-O Qb6 8.Nb3 Qc7
9.Qe2 Nc6 10.f4 d6 11.Bd2 Nf6 12.Rae1 Nd7 13.Kh1 Be7 14.Nd5 exd5 15.exd5 Nce5
16.Ba5 Qb8 17.fxe5 Nxe5 18.Nd4 Bxd5 19.Nf5 Bf8 20.Be4 Be6 21.Nd4 Bd7 22.Nc6  1-0

[Event "Open"]
[Site "Peiraias GRE"]
[Date "2007.09.07"]
[Round "7"]
[White "Tsomis,D"]
[Black "Managadze,N"]
[Result "0-1"]
[WhiteElo "2201"]
[BlackElo "2433"]

1.e4 c5 2.Nf3 e6 3.d4 cxd4 4.Nxd4 a6 5.Nc3 Qc7 6.Bd3 b5 7.O-O Bb7 8.Qe2 Nc6
9.Nxc6 dxc6 10.e5 Ne7 11.f4 Nd5 12.Nxd5 cxd5 13.Be3 Be7 14.c3 g6 15.a4 b4
16.cxb4 Bxb4 17.Rfc1 Qd8 18.Kf2 d4 19.Bd2 Bxd2 20.Qxd2 O-O 21.b4 a5 22.b5 Qb6
23.Ra2 Rac8 24.Rac2 Rc3 25.Kf1 Rd8 26.h4 h5 27.Rxc3 dxc3 28.Rxc3 Qd4 29.Qc1 Qxa4
30.Be2 Qb4 31.Rc7 Bd5 32.Qe3 a4 33.Rc3 Ra8 34.Ra3 Bb3 35.Ra1 a3 36.Kf2 a2
37.Bf3 Bd5  0-1

[Event "Open"]
[Site "Liverpool ENG"]
[Date "2007.09.08"]
[Round "8"]
[White "Gormally,D"]
[Black "Ciuksyte,D"]
[Result "1-0"]
[WhiteElo "2509"]
[BlackElo "2426"]

1.e4 c5 2.Nf3 e6 3.d4 cxd4 4.Nxd4 a6 5.Nc3 b5 6.Bd3 Qb6 7.Nf3 Nc6 8.O-O d6
9.a4 b4 10.a5 Nxa5 11.Be3 Qc7 12.Na4 Rb8 13.Nb6 Rxb6 14.Rxa5 Rb8 15.Qa1 Nf6
16.Bxa6 Bd7 17.Bd3 Be7 18.Ra7 Rb7 19.Ra8+ Rb8 20.Qa7 Qxa7 21.Rxa7 e5 22.Bg5 Be6
23.Rfa1 h6 24.Bxf6 Bxf6 25.R1a6 d5 26.Ra5 dxe4 27.Bxe4 O-O 28.b3 Rfd8 29.h3 Rd1+
30.Kh2 g6 31.R5a6 Bd8 32.Nxe5 Bb6 33.Re7 Bxf2 34.Raxe6 fxe6 35.Bxg6 Bg3+
36.Kxg3 Kf8 37.Rf7+ Kg8 38.Bh7+  1-0

[Event "Open"]
[Site "Liverpool ENG"]
[Date "2007.09.08"]
[Round "8"]
[White "Haslinger,S"]
[Black "Lie,K"]
[Result "1/2-1/2"]
[WhiteElo "2468"]
[BlackElo "2536"]

1.e4 c5 2.Nf3 e6 3.d4 cxd4 4.Nxd4 a6 5.Nc3 Qc7 6.Bd3 Bd6 7.Be3 Nf6 8.h3 Nc6
9.Nde2 Be7 10.f4 d6 11.Qd2 b5 12.O-O O-O 13.Ng3 Bb7 14.Qf2 Rac8 15.a3 Qb8
16.Rae1 Na5 17.Bd4 Nc6 18.Be3 Nd7 19.f5 Nf6 20.Nge2 Ne5 21.Nf4 Nxd3 22.cxd3 e5
23.Nfd5 Nxd5 24.exd5 f6 25.Rc1 Qa8 26.Qf3 a5 27.Qe4 Qa6 28.b4 a4 29.Ne2 Rxc1
30.Rxc1 Rc8 31.Rxc8+ Bxc8 32.d4 Qb7 33.Nc3 Bd7 34.Qd3 Kf7 35.g4 Qc8 36.Kf2 h5
37.Kg3 hxg4 38.hxg4 Kg8 39.dxe5 fxe5 40.Ne4 Qd8 41.Qd2 g6 42.fxg6 Qe8 43.Bg5 Qxg6
44.Bxe7 Qxg4+ 45.Kf2 Qxe4 46.Qg5+ Kh7 47.Qh5+ Kg7 48.Qg5+ Kh7 49.Qh5+ Kg7  1/2-1/2

[Event "LNA Copa Puma"]
[Site "Argentina ARG"]
[Date "2007.09.09"]
[Round "5"]
[White "Della Morte,P"]
[Black "De Dovitiis,A"]
[Result "1/2-1/2"]
[WhiteElo "2283"]
[BlackElo "2326"]

1.e4 c5 2.Nf3 e6 3.d4 cxd4 4.Nxd4 a6 5.Nc3 Qc7 6.Bd3 Nf6 7.O-O Nc6 8.Nxc6 bxc6
9.Qe2 Bd6 10.f4 e5 11.f5 Bc5+ 12.Kh1 d5 13.Bg5 Bb7 14.Bxf6 gxf6 15.Na4 Qa5
16.Nxc5 Qxc5 17.c4 d4 18.a3 a5 19.b3 h5 20.Qd2 Ke7 21.b4 Qa7 22.Rab1 Rhb8
23.c5 Ba6 24.Kg1 Bxd3 25.Qxd3 axb4 26.axb4 Qa4 27.Qc4 Rb5 28.Rf2 h4 29.Rfb2 Qa3
30.Rb3 Qa2 31.R1b2 Qa1+ 32.Rb1 Qa2 33.R1b2 Qa1+  1/2-1/2

[Event "60th ch-RUS Higher League"]
[Site "Krasnoyarsk RUS"]
[Date "2007.09.10"]
[Round "7"]
[White "Popov,Iv RUS"]
[Black "Kobalia,M"]
[Result "1/2-1/2"]
[WhiteElo "2524"]
[BlackElo "2634"]

1.e4 c5 2.Nf3 e6 3.d4 cxd4 4.Nxd4 a6 5.Nc3 b5 6.Bd3 Qb6 7.Be3 Bc5 8.Be2 Nc6
9.Nxc6 dxc6 10.Bxc5 Qxc5 11.Qd3 Nf6 12.f4 e5 13.Qg3 O-O 14.fxe5 Nd7 15.e6 fxe6
16.O-O-O e5 17.Qd3 Ra7 18.Rhf1 Nf6 19.Qd6 Qxd6 20.Rxd6 Rc7 21.a4 Ne8 22.Rd2 Rxf1+
23.Bxf1 Kf7 24.axb5 axb5 25.b4 Ke7 26.Bd3 Nf6 27.Kb2 Be6 28.Rd1 Ra7 29.Rf1 Bf7
30.Rf5 Ke6 31.Rf1 g5 32.Nb1 Bg6 33.Nd2 Ng4 34.Nf3 h6 35.h4 Ne3 36.Re1 Nxg2
37.Rg1 Nf4 38.hxg5 Bh5 39.Nh4 Nh3 40.Rg3 Nxg5 41.Nf5 Rh7 42.Nxh6 Rxh6 43.Rxg5 Bf3
44.Kc3 Rh4 45.Rg6+ Kd7 46.Rg7+ Kd6  1/2-1/2